| 000 | 00867nas a2200277 4500 | ||
|---|---|---|---|
| 001 | BR2011000546 | ||
| 003 | BR-BrBNA | ||
| 005 | 20231205115318.0 | ||
| 007 | ta | ||
| 008 | 230509b bl.|||p| |||| 00| 00por d | ||
| 040 |
_aBR-BrBNA _bpor _cBiblioteca Nacional de Agricultura |
||
| 041 | _a(En) | ||
| 072 | _aQ80; Q04 | ||
| 100 | 1 | _aSchmidt, V.C.R. | |
| 100 | 1 | _aLaurindo, J.B. | |
| 245 | 1 | _aWater absorption and mechanical properties of starch foam trays impregnated with starch acetate | |
| 650 | _aEMBALAGEM | ||
| 650 | _aAMIDO | ||
| 650 | _aACETATO | ||
| 650 | _aABSORÇÃO DE ÁGUA | ||
| 650 | _aPROPRIEDADE REOLÓGICA | ||
| 650 | _aACONDICIONAMENTO | ||
| 773 | 0 |
_tBrazilian Journal of Food Technology (Brazil) _xISSN 1519-0900 _g(Jan-Mar 2009), v. 12(1) p. 34-42 _wBR2011000546 |
|
| 909 |
_a202311 _bLúcia _c55 _dLúcia Elande |
||
| 942 |
_2AGRIS _n0 _cANA |
||
| 999 |
_c213162 _d213162 |
||